| 000 | 02767nam a2200421 a 4500 | ||
|---|---|---|---|
| 001 | ebr10493971 | ||
| 003 | CaPaEBR | ||
| 006 | m u | ||
| 007 | cr cn||||||||| | ||
| 008 | 101223s2011 enkab sb 001 0 eng d | ||
| 010 | _z 2010053051 | ||
| 020 | _z9781847886859 (paper) | ||
| 020 | _z9781847888402 (e-ISBN) | ||
| 020 | _z9781847886842 | ||
| 020 | _z9781847888419 (e-book) | ||
| 040 |
_aCaPaEBR _cCaPaEBR |
||
| 035 | _a(OCoLC)759158918 | ||
| 050 | 1 | 4 |
_aGN406 _b.O96 2011eb |
| 082 | 0 | 4 |
_a363.6/9 _222 |
| 245 | 0 | 0 |
_aOwnership and appropriation _h[electronic resource] / _cedited by Veronica Strang and Mark Busse. |
| 250 | _aEnglish ed. | ||
| 260 |
_aOxford ; _aNew York : _bBerg Publishers, _c2011. |
||
| 300 |
_axvii, 299 p. : _bill., maps. |
||
| 490 | 1 |
_aA.S.A. monographs, _x0066-9679 |
|
| 504 | _aIncludes bibliographical references and index. | ||
| 505 | 0 | _apt. 1. Subjects, personhood and peoplehood -- pt. 2. Materiality and immateriality -- pt. 3. Ownership as social communication. | |
| 520 |
_a"In a world of finite resources, expanding populations, and widening structural inequalities, the ownership of things is increasingly contested. Not only are the commons being rapidly enclosed and privatised, but the very idea of what can be owned is expanding, generating conflicts over the ownership of resources, ideas, culture, people, and even parts of people. Understanding processes of ownership and appropriation is not only central to anthropological theorising but also has major practical applications, for policy, legislative development and conflict resolution. Ownership and Appropriation significantly extends anthropologys long-term concern with property by focusing on everyday notions and acts of owning and appropriating. The chapters document the relationship between ownership, subjectivities and personhood; they demonstrate the critical consequences of materiality and immateriality on what is owned; and they examine the social relations of property. By approaching ownership as social communication and negotiation the text points to a more dynamic and processual understanding of property, ownership and appropriation"-- _cProvided by publisher. |
||
| 533 |
_aElectronic reproduction. _bPalo Alto, Calif. : _cebrary, _d2013. _nAvailable via World Wide Web. _nAccess may be limited to ebrary affiliated libraries. |
||
| 650 | 0 | _aMaterial culture. | |
| 650 | 0 | _aProperty. | |
| 650 | 0 | _aCultural property. | |
| 655 | 7 |
_aElectronic books. _2local |
|
| 700 | 1 | _aStrang, Veronica. | |
| 700 | 1 | _aBusse, Mark. | |
| 710 | 2 | _aebrary, Inc. | |
| 830 | 0 | _aA.S.A. monographs. | |
| 856 | 4 | 0 |
_uhttp://site.ebrary.com/lib/rucke/Doc?id=10493971 _zAn electronic book accessible through the World Wide Web; click to view |
| 999 |
_c129822 _d129822 |
||